2010-2019 rookie of the years - Statistics

General Stats
  • This quiz has been taken 3 times
  • The average score is 6 of 10
Answer Stats
Hint Answer % Correct
Timberwolves Karl-Anthony-Towns
100%
mavericks Luka Doncic
100%
bucks Malcolm Brogdon
100%
76ers Ben Simmons
67%
clippers Blake Griffin
67%
Cavilers Kyrie Irving
67%
76ers Michael Carter-Williams
33%
king Tyreke Evan’s
33%
Timberwolves Andrew Wiggens
0%
Trailblazers Damian Lilard
0%
No matching quizzes found
Score Distribution
Percent of People with Each Score
Percentile by Number Answered
Your Score History
You have not taken this quiz